Loading...

Cultural diversity and the empowerment of minorities /

Bibliographic Details
Other Authors: Al Haj, Majid, Mielke, Rosemarie, Du Bois, Inke, Smidt, Nina, Spitzer Shohat, Sivan
Format: Printed Book
Language:English
Published: New York : Berghahn Books, c2007.
Subjects:
Online Access:Book review (H-Net)
LEADER 01430cam a2200361 a 4500
008 080412s2007 nyua b 001 0 eng d
999 |c 344496  |d 344496 
010 |a  2008297868 
020 |a 9781845451950  |c DLR120 
020 |a 1845451953 
035 |a (OCoLC)ocn156834462 
042 |a lccopycat 
043 |a a-is---  |a e-gx--- 
082 |2 23  |a 305.8 
245 0 0 |a Cultural diversity and the empowerment of minorities /  |c edited by Majid Al-Haj and Rosemarie Mielke ; in association with Inke Du Bois, Nina Smidt, and Sivan Spitzer Shohat. 
260 |a New York :  |b Berghahn Books,  |c c2007. 
300 |a xii, 291 p. :  |b ill. ;  |c 24 cm. 
500 |a Subtitle from cover. 
504 |a Includes bibliographical references and indexes. 
650 0 |a Multiculturalism  |z Israel. 
650 0 |a Multiculturalism  |z Germany. 
650 0 |a Minorities  |z Israel. 
650 0 |a Minorities  |z Germany. 
700 1 |a Al Haj, Majid. 
700 1 |a Mielke, Rosemarie. 
700 1 |a Du Bois, Inke. 
700 1 |a Smidt, Nina. 
700 1 |a Spitzer Shohat, Sivan. 
856 4 2 |3 Book review (H-Net)  |u http://www.h-net.org/reviews/showrev.php?id=24646 
942 |c BK 
906 |a 7  |b cbc  |c copycat  |d 2  |e ncip  |f 20  |g y-gencatlg 
955 |a ps08 2008-04-12 z-processor to SSCD  |a sf00 2008-04-24  |i sf32 2008-08-20 
952 |0 0  |1 0  |2 ddc  |4 0  |6 305_800000000000000_CUL  |7 0  |9 396215  |a FLK  |b FLK  |c ST1  |d 2019-11-07  |i 5558  |l 0  |o 305.8 CUL  |p FLK5558  |r 2019-11-07  |y BK  |k $120